[Event "14th Varna it"]
[Site "Varna BUL"]
[Date "1975.05.??"]
[Round "5"]
[White "Gurgenidze, Bukhuti"]
[Black "Spasov, Luben"]
[Result "1-0"]
[WhiteElo "2495"]
[BlackElo "2430"]
[EventDate "1975.05.08"]
[PlyCount "59"]

1.e4 c5 2.Nf3 d6 3.Bb5+ Bd7 4.Bxd7+ Qxd7 5.O-O Nc6 6.c3 Nf6 7.d4 cxd4 8.
cxd4 d5 9.e5 Ng8 10.Bf4 e6 11.Nbd2 Nge7 12.Rc1 Nf5 13.Nb3 Be7 14.g4 Nh6 
15.Ne1 Ng8 16.Nd3 h5 17.gxh5 Nh6 18.Nbc5 Bxc5 19.Nxc5 Qe7 20.Qa4 Qh4 21.
Nxb7 Qxf4 22.Qxc6+ Kf8 23.Rc3 Kg8 24.Rg3 Rf8 25.Nd6 Nf5 26.Nxf5 Qxf5 27.
Qc3 Rxh5 28.b4 Rb8 29.Qc7 Rxb4 30.Qd8+ 1-0

[Event "14th Varna it"]
[Site "Varna BUL"]
[Date "1975.05.??"]
[Round "5"]
[White "Mueller, Klaus"]
[Black "Angelov, Kosta"]
[Result "1-0"]
[WhiteElo "2470"]
[BlackElo "2325"]
[EventDate "1975.05.08"]
[PlyCount "135"]

1. d4 Nf6 2. Nc3 g6 3. e4 d6 4. f4 Bg7 5. Nf3 O-O 6. Bd3 c6 7. O-O b5 8. e5 Ne8
9. Qe1 f5 10. Be3 Nc7 11. Rd1 a5 12. Qh4 d5 13. Ne2 e6 14. Qh3 Nd7 15. g4 Re8
16. Ng3 Nf8 17. Rd2 Ra7 18. Rg2 Na6 19. c3 Ree7 20. Kh1 Bd7 21. Rfg1 Qc8 22.
Bf2 c5 23. Ne2 c4 24. Bb1 Bh8 25. Bh4 Rf7 26. Ng5 Rg7 27. Qf3 Nc7 28. Nh3 Rf7
29. Ng3 Qa8 30. Nh5 Ne8 31. Ng5 Re7 32. gxf5 exf5 33. Nf6+ Bxf6 34. exf6 Nxf6
35. Nxh7 Rxh7 36. Bxf6 Kf7 37. Be5 Qc6 38. Qg3 Ra8 39. h4 Re8 40. Rh2 Re6 41.
Bc2 Ke8 42. Bd1 Kd8 43. Bf3 Be8 44. Qg2 Rd7 45. h5 Kc8 46. h6 Nh7 47. Rb1 a4
48. b3 axb3 49. axb3 cxb3 50. Rxb3 Ra7 51. Rb1 Rd7 52. c4 Qxc4 53. Qb2 Rc6 54.
Qxb5 Qxb5 55. Rxb5 Rc1+ 56. Kg2 Ra7 57. Rb8+ Kd7 58. Kg3 g5 59. Rhb2 Ke7 60.
R2b7+ Rxb7 61. Rxb7+ Bd7 62. Bxd5 gxf4+ 63. Kxf4 Nf8 64. Ke3 Rc3+ 65. Kd2 Rh3
66. Bg7 Ne6 67. Bc6 Kd6 68. Bxd7 1-0

[Event "14th Varna it"]
[Site "Varna BUL"]
[Date "1975.05.??"]
[Round "5"]
[White "Popov, Luben"]
[Black "Suba, Mihai"]
[Result "1/2-1/2"]
[WhiteElo "2460"]
[BlackElo "2470"]
[EventDate "1975.05.08"]
[PlyCount "85"]

1. d4 Nf6 2. c4 e6 3. Nf3 d5 4. Nc3 c5 5. cxd5 Nxd5 6. e3 Nc6 7. Bc4 Nxc3 8.
bxc3 cxd4 9. exd4 Be7 10. O-O O-O 11. Qe2 b6 12. Bd3 Bb7 13. Qe4 g6 14. Bh6 Re8
15. Qg4 Rc8 16. Rfe1 Bf6 17. Ng5 Na5 18. Rac1 Re7 19. h4 e5 20. h5 Qd7 21. Qg3
exd4 22. hxg6 fxg6 23. Nxh7 Rxe1+ 24. Rxe1 Qxh7 25. Bc1 Rf8 26. Ba3 Bh4 27.
Bxg6 Bxg3 28. Bxh7+ Kxh7 29. Bxf8 Bf4 30. cxd4 Bd5 31. a3 Kg6 32. g3 Bd2 33.
Re5 Bf7 34. Bb4 Bxb4 35. axb4 Nc6 36. Re4 Nxb4 37. f4 a5 38. Re7 a4 39. Rb7 Nd5
40. g4 Nxf4 41. Rxb6+ Kg5 42. Ra6 Bb3 43. Kf2 1/2-1/2

[Event "14th Varna it"]
[Site "Varna BUL"]
[Date "1975.05.??"]
[Round "5"]
[White "Szymczak, Zbigniew"]
[Black "Fernandez Bravo, Ciro"]
[Result "1/2-1/2"]
[WhiteElo "2390"]
[BlackElo "2290"]
[EventDate "1975.05.08"]
[PlyCount "107"]

1. Nf3 Nf6 2. c4 c5 3. Nc3 g6 4. d4 cxd4 5. Nxd4 Nc6 6. e4 d6 7. Be2 Nxd4 8.
Qxd4 Bg7 9. O-O O-O 10. Qd3 a6 11. Be3 Be6 12. Rac1 Nd7 13. Qd2 Qa5 14. Rfd1
Rfc8 15. f3 Nc5 16. Nd5 Qxd2 17. Rxd2 Bxd5 18. exd5 a5 19. b3 Rc7 20. Rdc2 b6
21. Rb1 Rca7 22. g4 Rf8 23. g5 f6 24. h4 fxg5 25. hxg5 Be5 26. Kg2 Bf4 27. Bxf4
Rxf4 28. Kg3 Rf5 29. f4 Ra8 30. Bg4 Rf7 31. Re2 Raf8 32. Rf1 h6 33. gxh6 Kh7
34. Rf3 Kxh6 35. a3 g5 36. Rh2+ Kg7 37. fxg5 Ne4+ 38. Kg2 Rxf3 39. Bxf3 Nxg5
40. Bd1 Rf4 41. Kg3 Rd4 42. Bc2 a4 43. bxa4 Rxc4 44. Re2 Kf6 45. Rf2+ Ke5 46.
Re2+ Kf6 47. Rf2+ Kg7 48. Re2 Rc7 49. Kg4 Nf7 50. Kf5 Nh6+ 51. Ke6 Ng8 52. Bd1
Nf6 53. Rb2 Rc1 54. Be2 1/2-1/2

[Event "14th Varna it"]
[Site "Varna BUL"]
[Date "1975.05.??"]
[Round "5"]
[White "Vukic, Milan"]
[Black "Kozma, Julius"]
[Result "1-0"]
[WhiteElo "2450"]
[BlackElo "2380"]
[EventDate "1975.05.08"]
[PlyCount "75"]

1. Nf3 Nf6 2. g3 g6 3. b3 Bg7 4. Bb2 O-O 5. Bg2 d6 6. O-O c6 7. c4 Bg4 8. d3 a5
9. Nbd2 Na6 10. Rb1 Bxf3 11. Nxf3 e6 12. Qd2 Nd7 13. Bxg7 Kxg7 14. Rfc1 Qe7 15.
Qb2+ Kg8 16. d4 Nc7 17. e3 Rfc8 18. c5 Na6 19. Bf1 f6 20. a3 Rcb8 21. Rc3 e5
22. Qc1 e4 23. Ne1 Nc7 24. b4 a4 25. b5 Ne6 26. Rc2 Ng5 27. Rcb2 Qd8 28. h4 Ne6
29. Qd1 f5 30. Nc2 Nf6 31. bxc6 bxc6 32. Rxb8 Rxb8 33. Rxb8 Qxb8 34. Nb4 Qa8
35. Ba6 Nc7 36. Qxa4 Qf8 37. Qa5 Nxa6 38. Qxa6 1-0

[Event "14th Varna it"]
[Site "Varna BUL"]
[Date "1975.05.??"]
[Round "6"]
[White "Angelov, Kosta"]
[Black "Padevsky, Nikola"]
[Result "1/2-1/2"]
[WhiteElo "2325"]
[BlackElo "2480"]
[EventDate "1975.05.08"]
[PlyCount "91"]

1. e4 g6 2. d4 Bg7 3. Nc3 d6 4. f4 Nf6 5. Nf3 O-O 6. Bd3 c5 7. dxc5 dxc5 8. e5
Nd5 9. O-O Nc6 10. h3 Ndb4 11. Be4 Qxd1 12. Rxd1 Bf5 13. Ne1 Nd4 14. Rd2 Rad8
15. g4 Bxe4 16. Nxe4 Na6 17. c3 Nc6 18. Rxd8 Rxd8 19. Be3 b6 20. Kf2 Nc7 21.
Ke2 f6 22. exf6 exf6 23. Rd1 Nd5 24. Nf3 Kf7 25. c4 Nxe3 26. Rxd8 Nxd8 27. Kxe3
Ne6 28. Nd6+ Ke7 29. Nc8+ Kd8 30. Nxa7 Bh6 31. g5 fxg5 32. fxg5 Nxg5 33. Nxg5
Bxg5+ 34. Ke4 Kd7 35. Kd5 Bf6 36. b3 h5 37. Nc6 g5 38. Ne5+ Bxe5 39. Kxe5 g4
40. hxg4 hxg4 41. Kf4 Ke6 42. Kxg4 Ke5 43. Kf3 Kd4 44. Ke2 Kc3 45. Kd1 Kb2 46.
Kd2 1/2-1/2

[Event "14th Varna it"]
[Site "Varna BUL"]
[Date "1975.05.??"]
[Round "6"]
[White "Fernandez Bravo, Ciro"]
[Black "Alexandria, Nana"]
[Result "1-0"]
[WhiteElo "2290"]
[BlackElo "2335"]
[EventDate "1975.05.08"]
[PlyCount "41"]

1. Nf3 c5 2. c4 Nf6 3. Nc3 e6 4. g3 b6 5. Bg2 Bb7 6. O-O Be7 7. d4 cxd4 8. Qxd4
Nc6 9. Qf4 O-O 10. Rd1 Bb4 11. Bd2 Ne7 12. Ne4 Ng6 13. Nxf6+ gxf6 14. Qh6 Bxd2
15. Rxd2 Qc7 16. h4 Qxc4 17. h5 Rad8 18. hxg6 fxg6 19. Rad1 Rf7 20. a3 Qc7 21.
Nd4 1-0

[Event "14th Varna it"]
[Site "Varna BUL"]
[Date "1975.05.??"]
[Round "6"]
[White "Kozma, Julius"]
[Black "Popov, Luben"]
[Result "0-1"]
[WhiteElo "2380"]
[BlackElo "2460"]
[EventDate "1975.05.08"]
[PlyCount "60"]

1.d4 Nf6 2.c4 c5 3.d5 b5 4.cxb5 a6 5.b6 d6 6.Nc3 Nbd7 7.e4 g6 8.Nf3 Bg7 9.
Be2 O-O 10.O-O Nxb6 11.Bg5 h6 12.Bh4 g5 13.Bg3 Nh5 14.Ne1 Nxg3 15.hxg3 e6 
16.Nc2 exd5 17.exd5 f5 18.g4 f4 19.Na3 Ra7 20.Qd3 Kh8 21.Rae1 Be5 22.Bf3 
h5 23.Rxe5 dxe5 24.Qe2 hxg4 25.Bxg4 Bxg4 26.Qxg4 Rh7 27.Rd1 f3 28.gxf3 Rf4
29.Qe6 Nd7 30.Ne4 g4 0-1

[Event "14th Varna it"]
[Site "Varna BUL"]
[Date "1975.05.??"]
[Round "6"]
[White "Lengyel, Levente"]
[Black "Gurgenidze, Bukhuti"]
[Result "1/2-1/2"]
[WhiteElo "2410"]
[BlackElo "2495"]
[EventDate "1975.05.08"]
[PlyCount "23"]

1. d4 Nf6 2. c4 e6 3. Nf3 b6 4. g3 Ba6 5. Qa4 Be7 6. Bg2 O-O 7. Nc3 Bb7 8. O-O
Ne4 9. Nxe4 Bxe4 10. Ne1 Bxg2 11. Nxg2 Bf6 12. Rd1 1/2-1/2

[Event "14th Varna it"]
[Site "Varna BUL"]
[Date "1975.05.??"]
[Round "6"]
[White "Mueller, Klaus"]
[Black "Szymczak, Zbigniew"]
[Result "0-1"]
[WhiteElo "2470"]
[BlackElo "2390"]
[EventDate "1975.05.08"]
[PlyCount "96"]

1.e4 e6 2.d4 d5 3.Nc3 Bb4 4.Bd2 dxe4 5.Qg4 Nf6 6.Qxg7 Rg8 7.Qh6 Nbd7 8.
O-O-O Rg6 9.Qh4 Bxc3 10.Bxc3 b6 11.h3 Bb7 12.Ne2 Nd5 13.Qxd8+ Rxd8 14.Bd2 
c5 15.dxc5 Nxc5 16.Ng3 e3 17.Be1 Nf4 18.Bb5+ Ke7 19.Rxd8 Kxd8 20.fxe3 Nxg2
21.Bf2 a6 22.Rd1+ Ke7 23.Bf1 Nxe3 24.Bxe3 Rxg3 25.Bf4 Rg6 26.Bc7 Nd7 27.
Bd6+ Ke8 28.a4 e5 29.b4 f5 30.a5 bxa5 31.b5 Bf3 32.Rd2 Rg1 33.Rf2 Bg2 34.
Rxg2 Rxf1+ 35.Kd2 axb5 36.Rg7 Rf2+ 37.Kd1 h5 38.Re7+ Kd8 39.Rh7 Kc8 40.
Rxh5 Kb7 41.Rh8 Rh2 42.h4 a4 43.h5 Kc6 44.Be7 Kd5 45.h6 Ke6 46.Bb4 Nf6 47.
Rb8 f4 48.Rxb5 f3 0-1

[Event "14th Varna it"]
[Site "Varna BUL"]
[Date "1975.05.??"]
[Round "6"]
[White "Spasov, Luben"]
[Black "Vukic, Milan"]
[Result "0-1"]
[WhiteElo "2430"]
[BlackElo "2450"]
[EventDate "1975.05.08"]
[PlyCount "78"]

1.d4 Nf6 2.c4 g6 3.Nc3 Bg7 4.e4 d6 5.Nf3 O-O 6.Be2 e5 7.O-O Nc6 8.d5 Ne7 
9.Ne1 Nd7 10.Nd3 f5 11.Bd2 Nf6 12.f3 f4 13.c5 g5 14.Rc1 Ng6 15.cxd6 cxd6 
16.Nb5 Rf7 17.Qc2 Ne8 18.a4 h5 19.Nf2 Bd7 20.Qb3 Bf8 21.Rc2 a6 22.Na3 Rg7 
23.a5 Nf6 24.h3 Nh4 25.Nc4 g4 26.fxg4 hxg4 27.hxg4 Nxg4 28.Nxg4 Bxg4 29.
Bxg4 Rxg4 30.Be1 Qg5 31.Qh3 Re8 32.Bxh4 Rxh4 33.Qd7 Re7 34.Qc8 Reh7 35.Rc3
Rh2 36.g3 Rh1+ 37.Kf2 fxg3+ 38.Ke1 Rxf1+ 39.Kxf1 g2+ 0-1

[Event "14th Varna it"]
[Site "Varna BUL"]
[Date "1975.05.??"]
[Round "6"]
[White "Suba, Mihai"]
[Black "Ermenkov, Evgeny"]
[Result "1/2-1/2"]
[WhiteElo "2470"]
[BlackElo "2430"]
[EventDate "1975.05.08"]
[PlyCount "24"]

1. c4 g6 2. e4 Bg7 3. d4 d6 4. Nc3 Nf6 5. h3 O-O 6. Bg5 c5 7. d5 b5 8. cxb5 a6
9. bxa6 Bxa6 10. Bxa6 Nxa6 11. Nge2 Rb8 12. Rb1 Nc7 1/2-1/2

[Event "14th Varna it"]
[Site "Varna BUL"]
[Date "1975.05.??"]
[Round "7"]
[White "Alexandria, Nana"]
[Black "Mueller, Klaus"]
[Result "0-1"]
[WhiteElo "2335"]
[BlackElo "2470"]
[EventDate "1975.05.08"]
[PlyCount "80"]

1. e4 g6 2. d4 Bg7 3. Nf3 d6 4. Bc4 Nf6 5. Nbd2 O-O 6. Bb3 Nc6 7. c3 b6 8. O-O
Na5 9. Bc2 c5 10. b4 Nc6 11. d5 Nb8 12. bxc5 bxc5 13. Rb1 Nbd7 14. Ba4 Nh5 15.
Qc2 e5 16. Nc4 Nb6 17. Bc6 Rb8 18. Nxb6 Rxb6 19. Bg5 f6 20. Bd2 f5 21. Rxb6
Qxb6 22. Rb1 Qc7 23. Qa4 Nf6 24. exf5 gxf5 25. c4 Ne4 26. Ba5 Qf7 27. Rb8 Qh5
28. Be1 Nf6 29. Bb7 Bxb7 30. Rxb7 e4 31. Nd2 f4 32. Qxa7 Qg6 33. Nf1 f3 34. Ng3
Nh5 35. Re7 Be5 36. Qd7 Nf4 37. Bd2 e3 38. fxe3 Qb1+ 39. Nf1 f2+ 40. Kxf2 Nd3+
0-1

[Event "14th Varna it"]
[Site "Varna BUL"]
[Date "1975.05.??"]
[Round "7"]
[White "Ermenkov, Evgeny"]
[Black "Kozma, Julius"]
[Result "0-1"]
[WhiteElo "2430"]
[BlackElo "2380"]
[EventDate "1975.05.08"]
[PlyCount "81"]

1.Nf3 Nf6 2.c4 g6 3.Nc3 d5 4.d4 Bg7 5.Qa4+ Bd7 6.Qb3 dxc4 7.Qxc4 O-O 8.e4 
Na6 9.e5 Ng4 10.Bf4 c5 11.d5 Qb6 12.Qe2 Nh6 13.Qd2 Nf5 14.Rd1 Rac8 15.Be2 
Rfd8 16.O-O Nd4 17.h3 Bf5 18.g4 Bc2 19.Rc1 Qxb2 20.Kg2 Nb4 21.Bc4 b5 22.
Bb3 Nxb3 23.axb3 Qxb3 24.Ne1 Rxd5 25.Nxd5 Be4+ 26.Kh2 Nxd5 27.Bg3 Nb6 28.
f3 Bb7 29.Ng2 Qd5 30.Qe2 Nc4 31.Rcd1 Qc6 32.Nh4 a5 33.Rd3 Qe6 34.Rfd1 Bxe5
35.Rd8+ Rxd8 36.Rxd8+ Kg7 37.Qd1 Bxg3+ 38.Kxg3 Qe5+ 39.Kf2 Nd6 40.Qc1 a4 
41.Rd7 0-1

[Event "14th Varna it"]
[Site "Varna BUL"]
[Date "1975.05.??"]
[Round "7"]
[White "Gurgenidze, Bukhuti"]
[Black "Fernandez Bravo, Ciro"]
[Result "1-0"]
[WhiteElo "2495"]
[BlackElo "2290"]
[EventDate "1975.05.08"]
[PlyCount "77"]

1. e4 c5 2. Nf3 e6 3. Nc3 Nc6 4. Bb5 Nge7 5. O-O Ng6 6. b3 Be7 7. Ba3 O-O 8.
Bxc6 bxc6 9. Na4 Ba6 10. c4 Bf6 11. Bxc5 d6 12. Bd4 Bxd4 13. Nxd4 c5 14. Ne2
Bb7 15. Nac3 f5 16. d4 fxe4 17. dxc5 dxc5 18. Qxd8 Raxd8 19. Rfd1 Rd3 20. Na4
Rf5 21. Nb2 Rxd1+ 22. Rxd1 Ne5 23. Ng3 Rf8 24. Na4 Rc8 25. Nc3 e3 26. fxe3 Kf7
27. Nge4 Bxe4 28. Nxe4 Ke7 29. h3 Rc6 30. Kf2 Nd7 31. Ke2 Nf6 32. Nc3 a6 33.
Rd2 Rc8 34. Kd1 Nd7 35. Kc2 Rf8 36. Kb2 Rf1 37. Ka3 Re1 38. Re2 Rf1 39. Ne4 1-0

[Event "14th Varna it"]
[Site "Varna BUL"]
[Date "1975.05.??"]
[Round "7"]
[White "Padevsky, Nikola"]
[Black "Suba, Mihai"]
[Result "1/2-1/2"]
[WhiteElo "2480"]
[BlackElo "2470"]
[EventDate "1975.05.08"]
[PlyCount "88"]

1. d4 Nf6 2. c4 g6 3. Nc3 Bg7 4. e4 d6 5. f4 O-O 6. Nf3 c5 7. d5 e6 8. Be2 exd5
9. cxd5 b5 10. e5 dxe5 11. fxe5 Ng4 12. Bf4 Nd7 13. O-O b4 14. Bg5 Qa5 15. Ne4
Ngxe5 16. Nxe5 Bxe5 17. Be7 Bxb2 18. Bxf8 Nxf8 19. Kh1 f5 20. d6 Bd4 21. Qb3+
Be6 22. Bc4 Bxa1 23. Bxe6+ Kg7 24. Rxa1 c4 25. Bxc4 Qe5 26. Rd1 fxe4 27. Qxb4
Rd8 28. h3 e3 29. Rd5 Qa1+ 30. Kh2 Qf6 31. Qc5 Nd7 32. Qc7 h5 33. Be2 h4 34.
Rd3 Qg5 35. Kh1 Kh6 36. Qxa7 Ne5 37. Rc3 Rxd6 38. Qxe3 Rd2 39. a4 Ra2 40. Qxg5+
Kxg5 41. Bb5 Kf4 42. Rb3 g5 43. Rb4+ Kg3 44. Rb3+ Kf4 1/2-1/2

[Event "14th Varna it"]
[Site "Varna BUL"]
[Date "1975.05.??"]
[Round "7"]
[White "Popov, Luben"]
[Black "Spasov, Luben"]
[Result "1/2-1/2"]
[WhiteElo "2460"]
[BlackElo "2430"]
[EventDate "1975.05.08"]
[PlyCount "35"]

1. c4 Nf6 2. Nc3 e6 3. Nf3 b6 4. g3 Bb7 5. Bg2 Be7 6. O-O O-O 7. d4 Ne4 8. Nxe4
Bxe4 9. Ne1 Bxg2 10. Nxg2 d5 11. Qa4 dxc4 12. Qxc4 c5 13. dxc5 Bxc5 14. Be3 Nd7
15. Rfd1 Qe7 16. Bxc5 Qxc5 17. Qxc5 Nxc5 18. Nf4 1/2-1/2

[Event "14th Varna it"]
[Site "Varna BUL"]
[Date "1975.05.??"]
[Round "7"]
[White "Szymczak, Zbigniew"]
[Black "Angelov, Kosta"]
[Result "1-0"]
[WhiteElo "2390"]
[BlackElo "2325"]
[EventDate "1975.05.08"]
[PlyCount "135"]

1. Nf3 Nf6 2. c4 g6 3. g3 Bg7 4. Bg2 O-O 5. O-O d6 6. d4 Nc6 7. Nc3 Bg4 8. d5
Bxf3 9. exf3 Na5 10. Qd3 c5 11. b3 a6 12. Bd2 Rb8 13. f4 b5 14. cxb5 axb5 15.
Nxb5 Nd7 16. Rab1 Qb6 17. a4 Rbc8 18. Na3 Nb7 19. Rfe1 Rfe8 20. Bf1 Nf6 21. Qf3
e6 22. Bb5 Re7 23. Nc4 Qc7 24. Ba6 Rd8 25. dxe6 fxe6 26. Bxb7 Qxb7 27. Qxb7
Rxb7 28. Rxe6 d5 29. Na5 Rc7 30. f3 c4 31. Rc6 Re7 32. Bc3 d4 33. Bb4 Re2 34.
Nxc4 Nd5 35. Rd6 Rxd6 36. Bxd6 Nc3 37. Rf1 d3 38. Be5 d2 39. Bxg7 Kxg7 40. Nb2
Re1 41. a5 Kf6 42. a6 Re6 43. a7 Ra6 44. Nd1 Nb5 45. Nf2 Nd4 46. Ne4+ Kf5 47.
Nxd2 Rxa7 48. Kf2 Ra2 49. Ke3 Nc2+ 50. Kd3 Nb4+ 51. Ke2 h5 52. Rc1 Nc2 53. Rb1
Nb4 54. Rd1 h4 55. Ke3 Nc2+ 56. Kd3 h3 57. Nc4 Na3 58. Rd2 Ra1 59. Nxa3 Rxa3
60. Kc3 Ra2 61. b4 Ra3+ 62. Kc4 Rxf3 63. b5 Rf1 64. Rb2 Rc1+ 65. Kd4 Rd1+ 66.
Kc5 Rc1+ 67. Kd6 Rd1+ 68. Ke7 1-0

[Event "14th Varna it"]
[Site "Varna BUL"]
[Date "1975.05.??"]
[Round "7"]
[White "Vukic, Milan"]
[Black "Lengyel, Levente"]
[Result "1/2-1/2"]
[WhiteElo "2450"]
[BlackElo "2410"]
[EventDate "1975.05.08"]
[PlyCount "63"]

1. Nf3 d5 2. g3 Nf6 3. Bg2 e6 4. O-O Be7 5. d4 O-O 6. c4 dxc4 7. Ne5 Nc6 8.
Nxc6 bxc6 9. Na3 Bxa3 10. bxa3 Nd5 11. Qa4 Nb6 12. Qxc6 Rb8 13. Qc5 Bb7 14. Bg5
f6 15. Bxb7 Rxb7 16. Be3 Qd5 17. Rfc1 Qxc5 18. dxc5 Nd5 19. Bd4 Ne7 20. Rxc4
Nc6 21. Bc3 Rfb8 22. Re4 Rb1+ 23. Kg2 Kf7 24. Rxb1 Rxb1 25. Ra4 Ke7 26. Rg4 Kf7
27. Ra4 Ke7 28. Kf3 Rc1 29. Bd2 Rc2 30. Ke3 Kd7 31. Kd3 Rxc5 32. f4 1/2-1/2

[Event "14th Varna it"]
[Site "Varna BUL"]
[Date "1975.05.??"]
[Round "8"]
[White "Angelov, Kosta"]
[Black "Suba, Mihai"]
[Result "0-1"]
[WhiteElo "2325"]
[BlackElo "2470"]
[EventDate "1975.05.08"]
[PlyCount "70"]

1.e4 Nf6 2.e5 Nd5 3.c4 Nb6 4.c5 Nd5 5.Nc3 e6 6.Bc4 Nxc3 7.dxc3 Nc6 8.Bf4 
Qh4 9.Qd2 Nxe5 10.Be2 Ng6 11.Bxc7 Bxc5 12.Bg3 Qa4 13.h4 h5 14.Nf3 d5 15.b4
Bb6 16.Nd4 a6 17.Bd1 Qd7 18.Bc2 Ne7 19.O-O Bc7 20.f4 g6 21.Rae1 O-O 22.f5 
Nxf5 23.Nxf5 exf5 24.Bxf5 Qc6 25.Bxg6 Bb6+ 26.Kh2 Qxg6 27.Re5 Bd8 28.Qxd5 
Bg4 29.Qxb7 Rc8 30.Re3 Qc6 31.Qxc6 Rxc6 32.a4 Bb6 33.Re7 Rxc3 34.Be5 Re3 
35.Rf6 Rxe5 0-1

[Event "14th Varna it"]
[Site "Varna BUL"]
[Date "1975.05.??"]
[Round "8"]
[White "Fernandez Bravo, Ciro"]
[Black "Vukic, Milan"]
[Result "1/2-1/2"]
[WhiteElo "2290"]
[BlackElo "2450"]
[EventDate "1975.05.08"]
[PlyCount "91"]

1. e4 Nf6 2. e5 Nd5 3. d4 d6 4. Nf3 Bg4 5. Be2 e6 6. O-O Be7 7. h3 Bh5 8. c4
Nb6 9. exd6 cxd6 10. Nbd2 Nc6 11. b3 O-O 12. Bb2 Bg6 13. Bc3 a5 14. a3 Bf6 15.
b4 e5 16. Nb3 e4 17. Nh2 Na4 18. Be1 Nb2 19. Qd2 Nd3 20. Bxd3 exd3 21. d5 Nd4
22. Nxd4 Bxd4 23. Rc1 axb4 24. axb4 Re8 25. Nf3 Bf6 26. Qd1 Ra2 27. Bd2 Re2 28.
Be3 Be4 29. Nd2 Qe8 30. Re1 Bxg2 31. Rxe2 dxe2 32. Qxe2 Bxh3 33. Qf3 Qd7 34. c5
dxc5 35. bxc5 Bg4 36. c6 bxc6 37. dxc6 Qc8 38. Qf4 Ra1 39. Rxa1 Bxa1 40. c7 Be6
41. Qd6 Bf6 42. Ne4 Qd7 43. Nxf6+ gxf6 44. Qg3+ Kh8 45. Qf3 Kg7 46. Qg3+
1/2-1/2

[Event "14th Varna it"]
[Site "Varna BUL"]
[Date "1975.05.??"]
[Round "8"]
[White "Kozma, Julius"]
[Black "Padevsky, Nikola"]
[Result "1/2-1/2"]
[WhiteElo "2380"]
[BlackElo "2480"]
[EventDate "1975.05.08"]
[PlyCount "35"]

1. d4 g6 2. c4 Bg7 3. Nc3 d6 4. Nf3 c6 5. e4 Bg4 6. Be3 Nd7 7. Be2 e5 8. O-O
Ngf6 9. Qd2 O-O 10. Rad1 Qa5 11. h3 Bxf3 12. Bxf3 exd4 13. Bxd4 Rfe8 14. Rfe1
Ne5 15. Be2 c5 16. Be3 Nc6 17. f3 Rad8 18. Bg5 1/2-1/2

[Event "14th Varna it"]
[Site "Varna BUL"]
[Date "1975.05.??"]
[Round "8"]
[White "Lengyel, Levente"]
[Black "Popov, Luben"]
[Result "1/2-1/2"]
[WhiteElo "2410"]
[BlackElo "2460"]
[EventDate "1975.05.08"]
[PlyCount "52"]

1. Nf3 c5 2. c4 Nf6 3. Nc3 d6 4. d4 cxd4 5. Nxd4 Nc6 6. e4 Nxd4 7. Qxd4 g6 8.
Bg5 Bg7 9. Qd2 Be6 10. Rc1 O-O 11. f3 Qa5 12. b3 Rfc8 13. Be2 a6 14. Nd5 Qxd2+
15. Kxd2 Bxd5 16. cxd5 Kf8 17. Rxc8+ Rxc8 18. Rc1 Rxc1 19. Kxc1 Nd7 20. Be3 Bc3
21. a3 Ba5 22. Kc2 Bb6 23. Bh6+ Ke8 24. Kc3 Bg1 25. h3 f6 26. Bd2 Bf2 1/2-1/2

[Event "14th Varna it"]
[Site "Varna BUL"]
[Date "1975.05.??"]
[Round "8"]
[White "Mueller, Klaus"]
[Black "Gurgenidze, Bukhuti"]
[Result "1-0"]
[WhiteElo "2470"]
[BlackElo "2495"]
[EventDate "1975.05.08"]
[PlyCount "111"]

1. e4 c6 2. Nc3 d5 3. Nf3 Nf6 4. e5 Ne4 5. Ne2 Nc5 6. g3 Bg4 7. Bg2 e6 8. O-O
Ncd7 9. d4 c5 10. c3 cxd4 11. cxd4 Nc6 12. h3 Bxf3 13. Bxf3 Bb4 14. Bg2 Ba5 15.
h4 Bb6 16. Bh3 Qe7 17. Be3 h6 18. h5 O-O-O 19. Rc1 Kb8 20. Qd3 Ka8 21. Rfd1 Rc8
22. Kg2 a6 23. Qb1 Ba7 24. Rc3 Nb6 25. b3 Nb8 26. Rdc1 Rxc3 27. Rxc3 Nc6 28.
Rc1 Nc8 29. Qd3 Qa3 30. Qb1 N8e7 31. Rd1 Qa5 32. Kg1 Rc8 33. Rc1 Qa3 34. Kg2
Qa5 35. a4 Qb6 36. Qd3 Bb8 37. Bd2 Ba7 38. Be3 Qd8 39. Qh7 Qf8 40. Qd3 Bb6 41.
Bd2 Rc7 42. b4 Nc8 43. a5 Ba7 44. Kg1 Bb8 45. b5 axb5 46. Qxb5 Qa3 47. Bf1 Ba7
48. Bb4 Qb3 49. Rc3 Qb2 50. Qa4 Kb8 51. Rb3 Qc2 52. Bd6 Qc4 53. Bxc7+ Kxc7 54.
Qa3 Bxd4 55. Nxd4 Qxd4 56. a6 1-0

[Event "14th Varna it"]
[Site "Varna BUL"]
[Date "1975.05.??"]
[Round "8"]
[White "Spasov, Luben"]
[Black "Ermenkov, Evgeny"]
[Result "1-0"]
[WhiteElo "2430"]
[BlackElo "2430"]
[EventDate "1975.05.08"]
[PlyCount "96"]

1.d4 Nf6 2.c4 c5 3.d5 e5 4.Nc3 d6 5.e4 Nbd7 6.Nf3 b6 7.g3 g6 8.Bg2 Bg7 9.
O-O O-O 10.a4 a5 11.Ne1 Ne8 12.Nd3 Qe7 13.Bd2 f5 14.Qb3 f4 15.gxf4 Bh6 16.
Rae1 Bxf4 17.Qd1 g5 18.Bh3 Ndf6 19.Bxc8 Rxc8 20.Bxf4 gxf4 21.Kh1 Kh8 22.
Rg1 Ng7 23.Qf3 Qd7 24.Rg5 h6 25.Rg6 Kh7 26.Reg1 Ngh5 27.Nb5 Rcd8 28.R6g2 
Rg8 29.Rxg8 Rxg8 30.Rxg8 Kxg8 31.Qg2+ Kf7 32.f3 Ng7 33.Nf2 Nge8 34.Qf1 Kg6
35.Qd1 Nc7 36.Qg1+ Kf7 37.Ng4 Nxg4 38.Nxc7 Nf2+ 39.Qxf2 Qxc7 40.Qh4 Kg7 
41.Qg4+ Kh7 42.Qe6 Kg7 43.Kg2 Qb8 44.Qe7+ Kg6 45.Kh3 Qc8+ 46.Kh4 Qb8 47.
Qe6+ Kg7 48.Kh5 Qc7 1-0

[Event "14th Varna it"]
[Site "Varna BUL"]
[Date "1975.05.??"]
[Round "8"]
[White "Szymczak, Zbigniew"]
[Black "Alexandria, Nana"]
[Result "0-1"]
[WhiteElo "2390"]
[BlackElo "2335"]
[EventDate "1975.05.08"]
[PlyCount "126"]

1. Nf3 c5 2. c4 g6 3. d4 cxd4 4. Nxd4 Nc6 5. e4 Nf6 6. Nc3 d6 7. Be2 Nxd4 8.
Qxd4 Bg7 9. Qd3 O-O 10. Be3 Nd7 11. Bd4 Ne5 12. Qd2 Qa5 13. f4 Nc6 14. Bxg7
Kxg7 15. O-O Be6 16. Kh1 Qc5 17. Rac1 Qd4 18. Rfd1 Qxd2 19. Rxd2 Rfc8 20. Kg1
Rab8 21. Kf2 Kf8 22. Ke3 Na5 23. b3 a6 24. Rdc2 Nc6 25. Nd5 Ke8 26. a3 Bxd5 27.
exd5 Nd8 28. b4 e6 29. Kd4 a5 30. c5 axb4 31. Bb5+ Kf8 32. axb4 dxc5+ 33. Rxc5
Rxc5 34. bxc5 exd5 35. Kxd5 Ne6 36. Kd6 b6 37. c6 Rd8+ 38. Ke5 Nc7 39. Bc4 Ke7
40. Ra1 Rd2 41. Ra2 f6+ 42. Ke4 Rd6 43. Bg8 Kf8 44. Bb3 Rxc6 45. g4 Ke7 46. h4
Nb5 47. Ra8 f5+ 48. gxf5 gxf5+ 49. Kxf5 Nd4+ 50. Ke5 Nxb3 51. Ra7+ Ke8 52. Rxh7
Nc5 53. Rh8+ Ke7 54. Rh7+ Kd8 55. f5 Nd7+ 56. Kf4 b5 57. h5 b4 58. Rh8+ Ke7 59.
Rh7+ Kd6 60. Rg7 b3 61. Rg1 Kc5 62. Kg5 Kb4 63. h6 Nf8 0-1

[Event "14th Varna it"]
[Site "Varna BUL"]
[Date "1975.05.??"]
[Round "9"]
[White "Alexandria, Nana"]
[Black "Angelov, Kosta"]
[Result "1-0"]
[WhiteElo "2335"]
[BlackElo "2325"]
[EventDate "1975.05.08"]
[PlyCount "115"]

1. e4 d5 2. exd5 Qxd5 3. Nc3 Qa5 4. Nf3 Bg4 5. h3 Bh5 6. d4 e6 7. g4 Bg6 8. Ne5
c6 9. h4 Nf6 10. Bd2 Qc7 11. Bf4 Bd6 12. f3 h6 13. Nxg6 fxg6 14. Bxd6 Qxd6 15.
Qd2 Qg3+ 16. Qf2 Qf4 17. Ne2 Qd6 18. O-O-O O-O 19. g5 hxg5 20. hxg5 Nh5 21. Bh3
Qd5 22. Kb1 Na6 23. Bg4 Nb4 24. Nc3 Qxg5 25. Bxe6+ Kh8 26. Rdg1 Qh6 27. a3 Rae8
28. Bg4 Nd5 29. Nxd5 cxd5 30. Rh4 Kg8 31. Rgh1 Qe3 32. Qxe3 Rxe3 33. Bxh5 gxh5
34. Rxh5 Rexf3 35. Rxd5 Rf1+ 36. Rxf1 Rxf1+ 37. Ka2 Rf7 38. Kb3 Kh7 39. Rh5+
Kg6 40. Rh2 Rc7 41. c4 Kf5 42. Rh7 Ke4 43. Kc3 Rf7 44. c5 Kd5 45. Rh5+ Kc6 46.
Rg5 Rf3+ 47. Kc4 Rf7 48. b4 a6 49. a4 Re7 50. b5+ axb5+ 51. axb5+ Kc7 52. b6+
Kc8 53. Kb5 Rf7 54. d5 Rf1 55. Rxg7 Rb1+ 56. Kc4 Rb2 57. Rg8+ Kd7 58. Rb8 1-0

[Event "14th Varna it"]
[Site "Varna BUL"]
[Date "1975.05.??"]
[Round "9"]
[White "Ermenkov, Evgeny"]
[Black "Lengyel, Levente"]
[Result "1-0"]
[WhiteElo "2430"]
[BlackElo "2410"]
[EventDate "1975.05.08"]
[PlyCount "51"]

1.e4 e5 2.Nf3 Nc6 3.Bb5 a6 4.Ba4 Nf6 5.O-O Be7 6.Re1 b5 7.Bb3 d6 8.c3 O-O 
9.d4 Bg4 10.d5 Na5 11.Bc2 c6 12.h3 Bxf3 13.Qxf3 cxd5 14.exd5 Rc8 15.b3 g6 
16.Bh6 Re8 17.Nd2 Kh8 18.Nf1 Ng8 19.Bd2 f5 20.a4 Bf6 21.axb5 axb5 22.Qe2 
e4 23.Qxb5 Bxc3 24.Bxc3+ Rxc3 25.Bd1 Rc5 26.Qa6 1-0

[Event "14th Varna it"]
[Site "Varna BUL"]
[Date "1975.05.??"]
[Round "9"]
[White "Gurgenidze, Bukhuti"]
[Black "Szymczak, Zbigniew"]
[Result "1-0"]
[WhiteElo "2495"]
[BlackElo "2390"]
[EventDate "1975.05.08"]
[PlyCount "47"]

1.e4 e6 2.Nf3 d5 3.Nc3 Nf6 4.e5 Nfd7 5.d4 c5 6.Bb5 Nc6 7.O-O Be7 8.Ne2 
cxd4 9.Nexd4 Nxd4 10.Nxd4 O-O 11.Re1 Qc7 12.Bf4 Nb8 13.Qg4 Rd8 14.Re3 Nc6 
15.Nxc6 bxc6 16.Bd3 g6 17.h4 Kh8 18.Bg5 Re8 19.Rf3 Rf8 20.h5 Bb7 21.Rh3 
Rg8 22.hxg6 fxg6 23.Rxh7+ Kxh7 24.Qh5+ 1-0